000 00683nam a22002297a 4500
003 UA-OsUOA
001 47202
007 ta
008 20070713b un ||||| |||| 00| 0 ukr d
100 _aБашкатов Л.Н.
090 _a343.13(470)
_bБ33
942 _cBK
040 _aUA-OsUOA
_brus
_cUA-OsUOA
_dUA-OsUOA
245 _aУголовно-процессуальное право Российской Федерации
_bУчебник
300 _a664 с.
955 _a2
041 _arus
080 _a343.13(470)
260 _aМ.
_bПроспект
_c2007
650 7 _a343 Кримінальне право. Карні порушення
_2UDC
999 _c333300
_d333300